Word Ladder: Central American Capital and Country Quiz Stats

 Plays Quiz Updated Sep 25, 2018

Score 0/18 Timer 02:30
0 Plays Today
4-Letter Answer % Correct
• BEL •
99.7%
BEE
99.4%
MOP
97.4%
TEE
97.3%
TOE
96.6%
• MOE •
95.7%
BELT
93.6%
MELT
93.5%
• BELL •
92.7%
4-Letter Answer % Correct
MALT
90.5%
MAST
89.1%
MASS
87.4%
BASS
86.8%
• PAN •
82.7%
MAP
82.6%
BASE
81%
• EASE •
75.1%
PAP
74.2%

Today's Daily Dose

Missing Word
Banned Books (A-Z)

Word Ladder
Janis Joplin

Get the Picture
Occupations

You're not logged in!

Compare scores with friends on all Sporcle quizzes.
OR
Log In

Sporcle TV

Today on Sporcle TV


Watch our educational content, quiz creation guides, and fun videos on Sporcle TV.

Show Comments

Extras

Top Quizzes Today


Score Distribution

Your Account Isn't Verified!

In order to create a playlist on Sporcle, you need to verify the email address you used during registration. Go to your Sporcle Settings to finish the process.

Report this User

Report this user for behavior that violates our Community Guidelines.

Details: